MDQL
is popping MORE tags! Check the
thread
!
Quizzes
Events
Quiz Creation
Community
Videos
Private Events
Remove Ads
Sign In
Join for FREE
Feedback
Dark Mode
Quiz Categories
Sports
Geography
Music
Movies
Television
Just For Fun
Miscellaneous
History
Literature
Language
Science
Gaming
Entertainment
Religion
Holiday
For Kids
Quiz Lab
Recent
Popular Today
Quiz Kudos Today
Editor Picks
Curator Picks
Quizzes by...
Day
Popularity
Type
Ratings
Length
Year
Community
Subscriptions
Recent Discussions
Orange Saloon
Badges
Playlists
Quests
Create
Leaderboards
Showdown
Live 5
Trivia Bingo
Activity
Puzzle Library
Sporcle Events
Private Events
Virtual Trivia
Globe League
Become a Host
Pub Owners
SporcleCon
Opinionation
Our Games
Videos
Blog
Mobile Apps
Partnerships
Remove Ads and Go Orange
Feedback
Sports
Athletes
MLB
NBA
NHL
NFL
Soccer
Sports Teams
WWE
NCAA
Football
Premier League
Basketball
Baseball
Hockey
Golf
Tennis
Cricket
Rugby
Auto Racing
Olympics
World Cup
Sports
Athletes
MLB
NBA
NHL
NFL
Soccer
Sports Teams
WWE
NCAA
Football
Premier League
Basketball
Baseball
Hockey
Golf
Tennis
Cricket
Rugby
Auto Racing
Olympics
World Cup
Random Quiz
Search Sporcle
×
Quiz Lab
Quiz Lab
Sports
Sports Teams
Type in answers that appear in a list
Type in answers that appear in a list
Classic
Best Score? Go Orange.
Teams with No Championships Stats
Can you name the Big 4 Sports Teams who have never won a championship in their sport (current teams only)?
By
badgersknights
10m
49 Questions
416 Plays
416 Plays
416 Plays
Comments
Comments
Give Quiz Kudos
Give Quiz Kudos
-
- Ratings
hide this ad
More Info
Replay
Link that replays current quiz
Next Quiz
Link to next quiz in quiz playlist
You Got
0%
They Got
Avg Score
70%
Avg Friend Score
Upgrade to see
Score Distribution
Jump to the score distribution portion of the page
Score
0/49
Timer
10:00
0
Plays Today
League
Team
% Correct
NFL
Cleveland Browns
82.2%
NFL
Carolina Panthers
82%
NHL
Florida Panthers
81.7%
NFL
Houston Texans
79.8%
NHL
Los Angeles Kings
79.3%
NFL
Jacksonville Jaguars
77.6%
MLB
Texas Rangers
77.2%
NBA
Los Angeles Clippers
76.9%
NFL
Arizona Cardinals
76.9%
NFL
Minnesota Vikings
76.7%
NFL
Detroit Lions
76.7%
MLB
Seattle Mariners
76.7%
NFL
Buffalo Bills
76.4%
NBA
New Jersey Nets
76.2%
NFL
Cincinnati Bengals
76.2%
MLB
Tampa Bay Rays
76.2%
NFL
Tennessee Titans
76%
NFL
Seattle Seahawks
75.5%
MLB
Washington Nationals
75%
MLB
San Diego Padres
74.5%
NFL
Atlanta Falcons
74%
MLB
Colorado Rockies
72.8%
NBA
New Orleans Hornets
72.1%
NFL
San Diego Chargers
72.1%
MLB
Houston Astros
71.9%
League
Team
% Correct
NFL
Philadelphia Eagles
71.6%
NBA
Utah Jazz
71.4%
NBA
Orlando Magic
71.4%
NBA
Memphis Grizzlies
67.8%
NHL
Minnesota Wild
67.8%
NBA
Toronto Raptors
67.3%
NBA
Charlotte Bobcats
67.1%
NBA
Minnesota Timberwolves
67.1%
MLB
Milwaukee Brewers
67.1%
NHL
Columbus Blue Jackets
66.3%
NBA
Phoenix Suns
65.6%
NHL
Vancouver Canucks
65.6%
NBA
Indiana Pacers
65.4%
NHL
Phoenix Coyotes
64.9%
NHL
San Jose Sharks
64.4%
NBA
Denver Nuggets
63.7%
NBA
Dallas Mavericks
63.2%
NHL
Nashville Predators
63%
NHL
St Louis Blues
63%
NBA
Cleveland Cavaliers
62.7%
NHL
Ottawa Senators
62%
NHL
Atlanta Thrashers
60.6%
NHL
Washington Capitals
59.6%
NHL
Buffalo Sabres
57.5%
Quiz Playlist
Details
Report
Send in Message
Add To Playlist
More Info:
This does not include ABA teams or AFL teams. Only teams with no Super Bowl, World Series, NBA Finals, or Stanley Cup victories
Classic:
Type in answers that appear in a list
Last Updated: Feb 16, 2017
Quiz Scoreboard
CHALLENGE
Sign Up to Join the Scoreboard
Show All
Scores
Hide
Comments
May contain spoilers
Recently Published
Holiday 10x10 Sorting Gallery
by lukepisani3
Holiday
15m
Two Season TV Shows II
by 123Four
Television
10m
Image Sorting: Flags VI
by Barbecue
Geography
2m
More to Explore
Quiz From the Vault
Featured Blog Post
14 Easter Pick-up Lines to Find Eggs With
hide this ad
You Might Also Like...
Tags
Sports Teams Quiz
Big 4
Championship
League
Never
team
Won
Today's Top Quizzes in Sports
Browse Sports
hide this ad
Today's Top Quizzes in Sports Teams
Browse Sports Teams
Top Contributed Quizzes in Sports
1
Les meilleurs buteurs des matchs entre le PSG et l’OM
2
Les entraîneurs de l'OM et du PSG au 21e siècle
3
2022 World Cup Stars
4
Les joueurs passés par le PSG et l'OM
5
Players with Multiple 50 Home Run Seasons
6
FIFA Club World Cup Champions
7
Top 10 NHL Goal Scorers of All Time
8
Les joueurs passés par le LOSC et le RC Lens
9
Criteria MLB: Left Handed Sluggers
10
2023 MLB Unique Player Accomplishments
Explore More
Trending Topics
Anime
Kpop
Disney
Marvel
Crossword
Harry Potter
NBA
NFL
Pokémon
The Office
Puzzle
Soccer
Country
WWE
Song
hide this ad
More By:
badgersknights
Quiz
Plays
Rating
Category
Featured
Created
Leaders of Baseball
2,028
4.30
Sports
Feb 6, 2010
Colleges with no state
1,689
3.92
Sports
Jan 31, 2010
Tallest Cedar Point roller coasters
1,439
3.93
Just For Fun
Feb 7, 2010
Cities with Most Championships
1,056
2.75
Sports
Feb 17, 2010
Top 50 Fantasy Football Players
533
2.00
Sports
Feb 7, 2010
Go to Creator's Profile
Score Distribution
Quiz Creator Spotlight
badgersknights
Follow
Send a Message
Quizzes Created
-
Created Quiz Play Count
-
More By This Creator
Popular Quizzes Today
1
Find the US States - No Outlines Minefield
2
Colored Red Africa Blitz
3
Find the 'City' Movie
4
The Countries of the World
5
5x2 Blitz: Bands
6
Find the Countries of Europe - No Outlines Minefield
7
Find the US States
8
US States
More Sports Quizzes
Lionel Messi's Argentina Hat-trick XI's
Quiz Lab
Trending Quizzes
Colored Red Europe Blitz I
Colored Red Europe Blitz II
Colored Red Africa Blitz II
Even More Two Season TV Shows
Colored Red Africa Blitz III
Recently Updated
Odd Team Out - Big 4 Players
pecheneg
Quick Pick: 20 Twenties
pecheneg
March Madness Men's Triple Doubles
pecheneg
How Do You Spell That?
pecheneg
Godzilla Movies
pecheneg
Grab Bag: 4-10 Letters
pecheneg
2024 March Madness Bracket
pecheneg
Famous TV Couples
Peacemaker
Champions League XIs: Real Madrid
pecheneg
Largest US Cities 1790-2010
pecheneg
Trending Topics
Disney
Crossword
Anime
Kpop
Harry Potter
NBA
Marvel
Puzzle
WWE
Country
NFL
Song
The Office
Soccer
Pokémon
Your Account Isn't Verified!
In order to create a playlist on Sporcle, you need to verify the email address you used during registration. Go to your
Sporcle Settings
to finish the process.
Report this User
Report this user for behavior that violates our
Community Guidelines
.
Details:
Send Report
Go to the Sporcle.com Mobile Site →
Comments